Finanční účetnictví

Saved in:
Bibliographic Details
Main Author: Doležal, Jan
Other Authors: Fireš, Bohuslav, Míková, Marie
Format: Book
Language:Czech
Published: Praha Grada 1992
Edition:1. vyd.
Subjects:
Tags: Add Tag
No Tags, Be the first to tag this record!

MARC

LEADER 00000nam a2200000 4500
001 c002093
005 20221214085609.7
020 |a 80-85623-10-2 
041 0 |a cze 
044 |a CZ 
245 1 0 |a Finanční účetnictví  |c Jan Doležal, Bohuslav Fireš, Marie Míková 
250 |a 1. vyd. 
264 1 |a Praha  |b Grada  |c 1992 
300 |a 301 s. 
610 2 0 |a účtovníctvo finančné 
610 2 0 |a výkazy účtovné 
610 2 0 |a financie podnikové 
610 2 0 |a aktíva 
610 2 0 |a oceňovanie 
610 2 0 |a solventnosť 
610 2 0 |a účtovníctvo jednoduché 
610 2 0 |a účtovníctvo podvojné 
610 2 0 |a spoločnosti obchodné 
610 2 0 |a spoločnosti akciové 
610 2 0 |a rozpočet podnikový 
100 1 |a Doležal, Jan 
700 1 |a Fireš, Bohuslav 
700 1 |a Míková, Marie